ბათუმის შოთა რუსთაველის სახელმწიფო უნივერსიტეტის ბიბლიოთეკა

Geschichte der deutschsprachigen Literatur, 1900-1918 : (ბიბ.ჩანაწერი № 62152)

000 -LEADER
fixed length control field 00649nam a22001697a 4500
005 - DATE AND TIME OF LATEST TRANSACTION
control field 20240724144130.0
008 - FIXED-LENGTH DATA ELEMENTS--GENERAL INFORMATION
fixed length control field 240724s2004 ge ||||| |||| 00| 0 ger d
020 ## - INTERNATIONAL STANDARD BOOK NUMBER
International Standard Book Number 3406521789 X
080 ## - UNIVERSAL DECIMAL CLASSIFICATION NUMBER
Universal Decimal Classification number 821.112.2 S-79
100 ## - MAIN ENTRY--PERSONAL NAME
Personal name Sprengel, Peter
Dates associated with a name Author
9 (RLIN) 22927
245 ## - TITLE STATEMENT
Title Geschichte der deutschsprachigen Literatur, 1900-1918 :
Remainder of title von der Jahrhundertwende bis zum Ende des Ersten Weltkriegs /
Statement of responsibility, etc. Peter Sprengel
264 ## - PRODUCTION, PUBLICATION, DISTRIBUTION, MANUFACTURE, AND COPYRIGHT NOTICE
Place of production, publication, distribution, manufacture Munchen :
Name of producer, publisher, distributor, manufacturer Verlag C.H.Beck,
Date of production, publication, distribution, manufacture, or copyright notice 2004.
300 ## - PHYSICAL DESCRIPTION
Extent xiii, 924 pages ;
Other physical details 23 cm.
653 ## - INDEX TERM--UNCONTROLLED
keyword Geschichte der deutschsprachigen Literatur
653 ## - INDEX TERM--UNCONTROLLED
keyword გერმანული ლიტერატურა
942 ## - ADDED ENTRY ELEMENTS (KOHA)
Source of classification or shelving scheme
Koha item type წიგნი
ეგზემპლარები
Withdrawn status Lost status Source of classification or shelving scheme Damaged status Not for loan Permanent Location Current Location Shelving location Date acquired Cost, normal purchase price Full call number Barcode Date last seen Copy number Price effective from Koha item type Public note
          ბათუმის შოთა რუსთაველის სახელმწიფო უნივერსიტეტის მთავარი ბიბლიოთეკა ბათუმის შოთა რუსთაველის სახელმწიფო უნივერსიტეტის მთავარი ბიბლიოთეკა წიგნსაცავი 2024-07-24 243.00 821.112.2 S-79 68832 2024-07-24 68832 2024-07-24 წიგნი 243.00